00667nam a2200241 a 4500001001300000003000900013005001700022008004100039020001000080082001600090100002600106245001300132260003400145300000900179500003500188505001000223650002000233700002600253902000800279942000700287952011600294999001500410nice12345678IN_TiNIC20260116011500.0050524s1938 lona grp 000 0 eng  ac10000a297.32bDON aDonaldson, Bess Allen aWild Rue aLondon bLuzac and Co. c1938 a216p aincludes index and biblioraphy2 aIndex aOccultism-Islam1 aDonaldson, Bess Allen bSRS cBK 001040708StackRoom-aHMIbHMId2007-07-26g100.00l0o297.32 DONp01596r2007-07-26v100.00w2005-05-24yBK c1931d1931